000 01481naa a22003257a 4500
001 BR9405973
003 BR-BrBNA
005 20250721155522.0
007 ta
008 250630b bl.|||m| |||| 00| 0 por d
040 _aBR-BrBNA
_bpor
_cBiblioteca Nacional de Agricultura
041 _a(Pt)
072 _aF08
_b0150
_b0120
_b3140
_b3103
090 _aF08 BR9405973
100 1 _aMartins, S.S.
100 1 _aCoelho, V.C.M.
111 1 _a1. Congresso Brasileiro sobre Sistemas Agroflorestais; 1. Encontro sobre Sistemas Agroflorestais nos Paises do MERCOSUL
_cPorto Velho, RO (Brazil)
_d3-7 Jul 1994
245 1 _aO uso do sistema agroflorestal na Regiao Sudeste do Estado do Parana
500 _a1. Congresso Brasileiro sobre Sistemas Agroflorestais e 1. Encontro sobre Sistemas Agroflorestais nos Paises do MERCOSUL. Anais. V. 2: trabalhos voluntarios Colombo, PR (Brasil): 1994. p. 173-179 [Summaries (En, Pt); 9 ref.] (BR9405973-AMS)
773 0 _t1. Congresso Brasileiro sobre Sistemas Agroflorestais e 1. Encontro sobre Sistemas Agroflorestais nos Paises do MERCOSUL. Anais. V. 2: trabalhos voluntarios
_wF08 BR9405973
_gColombo, PR (Brasil), 1994. p. 173-179
650 _aArroz
650 _aMilho
650 _aPinheiro
650 _aAraucaria
650 _aConsorciacao de Cultura
650 _aParana
490 _aDocumentos - Centro Nacional de Pesquisa de Florestas (Brazil)
_vno. 27
942 _cAMS
_2AGRIS
909 _a202506
_bLúcia
_c55
_dLúcia Elande
999 _c336962
_d336962